| 000 | 01233cam a2200229 4500 | ||
|---|---|---|---|
| 001 | L129677 | ||
| 008 | 050510n2005 000 0 eng u | ||
| 020 | _a0101645627 | ||
| 035 | _a(Sirsi) u129677 | ||
| 041 | _aeng | ||
| 050 |
_a346.41066 _c22 |
||
| 110 |
_aUnited Kingdom _bDepartment of Trade and Industry |
||
| 245 | _aCompany law reform | ||
| 260 |
_aNorwich _bTSO _c2005 |
||
| 490 |
_aCm _v6456 |
||
| 520 | _aWhite paper on company law reform which builds closely in the work of the Company Law Review and of the subsequent White Paper of 2002. The list of the key legislative changes includes, promoting the wider participation of shareholders and decision making which is based on a longer term view and not just immediate return. Also there will be changes to make it easier to set up and run a company. The government welcomes views on any aspect of the proposals by 10 June 2005. | ||
| 590 | _aIKA190505 | ||
| 650 | _aCOMPANY LAW REFORM WHITE PAPER | ||
| 690 | _aMANAGEMENT-BUSINESS MANAGEMENT | ||
| 856 |
_uhttps://webarchive.nationalarchives.gov.uk/+/http://www.dti.gov.uk/bbf/co-act-2006/white-paper/page22800.html _zView the item free of charge at http://webarchive.nationalarchives.gov.uk... |
||
| 942 | _n0 | ||
| 999 |
_c104261 _d104261 |
||